La pequeña ciencia: una crítica de la ciencia política norteamericana

Sparad:
Bibliografiska uppgifter
Huvudupphovsman: Orozco, José Luis (autor)
Materialtyp: Bok
Språk:spanska
Publicerad: Ciudad de México Fondo de Cultura Econòmica 2012
Upplaga:2a. ed
Serie:Política y Derecho
Ämnen:
Taggar: Lägg till en tagg
Inga taggar, Lägg till första taggen!

MARC

LEADER 00000cam a2200000 a 4500
001 UCD6324
003 CL-VaPUC
008 161201e20120000mx |||||||||||||||||spa|d
020 |a 9786071608666 
082 0 4 |a 327.73  |b ORO  |2 21 
100 |a Orozco, José Luis  |e autor  |9 590127 
245 1 3 |a La pequeña ciencia: una crítica de la ciencia política norteamericana 
250 |a 2a. ed 
300 |a 485 p 
942 |c BK 
945 |d 20161201 17:35:00  |a dcastane 
260 |a Ciudad de México  |b Fondo de Cultura Econòmica  |c 2012 
650 7 |a POLITICA ESTADOUNIDENSE  |2 CL-VaPUC  |9 315802 
650 0 |a Política exterior   |9 316628 
583 |a last modification  |c 20161201 17:35:00  |k Rodrigo Vera 
490 0 |a Política y Derecho 
999 |c 366679  |d 366677 
952 |0 0  |1 0  |3 erb  |4 0  |6 327_730000000000000_ORO_2012  |7 0  |8 A  |9 481144  |a BIBHIS  |b BIBHIS  |i 5353939  |o 327.73 ORO 2012  |p 5353939  |r 2025-01-20  |w 2019-11-24  |y BK  |z Catalogado en:20161201  |k HIS